Sports Quiz

Random Sports or Basketball Quiz

Anyone but LeBron James Quiz Stats

 Plays Quiz Updated Apr 24, 2018

Also try: NBA #1 Draft Picks
Challenge
Share
Tweet
Embed
Score 0/40 Timer 06:00
14 Plays Today
Hint Answer % Correct
Were Selected to 10+ All-NBA First TeamsMichael Jordan
96.3%
Scored 30,000+ Regular Season PointsMichael Jordan
96.2%
Were Selected to 10+ All-NBA First TeamsKobe Bryant
90.9%
Scored 30,000+ Regular Season PointsKobe Bryant
90.9%
Recorded 600+ Playoff TurnoversKobe Bryant
90.9%
Were Selected to 10+ All-NBA First TeamsJerry West
83.8%
Was Drafted in 2003 and Played in the All-Star GameDwyane Wade
83.3%
Was Drafted in 2003 and Played in the All-Star GameDavid West
83.2%
Scored 30,000+ Regular Season PointsKareem Abdul-Jabbar
81.4%
Were Selected to 10+ All-NBA First TeamsKareem Abdul-Jabbar
81.4%
Played in 7+ Consecutive NBA FinalsBill Russell
81%
Recorded 60+ Regular Season Triple-DoublesMagic Johnson
80.6%
Recorded 600+ Playoff TurnoversMagic Johnson
80.6%
Recorded 60+ Regular Season Triple-DoublesRussell Westbrook
77%
Was Drafted in 2003 and Played in the All-Star GameCarmelo Anthony
76.5%
Recorded 60+ Regular Season Triple-DoublesWilt Chamberlain
76%
Scored 30,000+ Regular Season PointsWilt Chamberlain
76%
Scored 30,000+ Regular Season PointsKarl Malone
75.1%
Were Selected to 10+ All-NBA First TeamsKarl Malone
75.1%
Recorded 600+ Playoff TurnoversShaquille O'Neal
71.1%
Hint Answer % Correct
Recorded 60+ Regular Season Triple-DoublesOscar Robertson
71%
Was Drafted in 2003 and Played in the All-Star GameChris Bosh
66.6%
Were Selected to 10+ All-NBA First TeamsTim Duncan
63.8%
Recorded 600+ Playoff TurnoversTim Duncan
63.8%
Scored 30,000+ Regular Season PointsDirk Nowitzki
60.8%
Recorded 600+ Playoff TurnoversScottie Pippen
51.3%
Played in 7+ Consecutive NBA FinalsJames Jones
49.6%
Played in 7+ Consecutive NBA FinalsSam Jones
49.2%
Played in 7+ Consecutive NBA FinalsK. C. Jones
49.2%
Recorded 60+ Regular Season Triple-DoublesJason Kidd
45.3%
Were Selected to 10+ All-NBA First TeamsBob Cousy
44.5%
Played in 7+ Consecutive NBA FinalsBob Cousy
44.5%
Were Selected to 10+ All-NBA First TeamsElgin Baylor
29.5%
Was Drafted in 2003 and Played in the All-Star GameJosh Howard
18.9%
Was Drafted in 2003 and Played in the All-Star GameMo Williams
18.6%
Was Drafted in 2003 and Played in the All-Star GameKyle Korver
18.1%
Were Selected to 10+ All-NBA First TeamsBob Pettit
17.7%
Played in 7+ Consecutive NBA FinalsTom Heinsohn
17%
Was Drafted in 2003 and Played in the All-Star GameChris Kaman
12%
Played in 7+ Consecutive NBA FinalsFrank Ramsey
4.6%

You're not logged in!

Compare scores with friends on all Sporcle quizzes.
OR
Log In

You Might Also Like...

Show Comments

Extras

Top Quizzes Today


Score Distribution

Your Account Isn't Verified!

In order to create a playlist on Sporcle, you need to verify the email address you used during registration. Go to your Sporcle Settings to finish the process.

Report this User

Report this user for behavior that violates our Community Guidelines.

Details: